Σχολαστικοκατάργησις : η διατριβή αποδεικνύουσα ψευδείς τας κατηγορίας και συκοφαντίας τινών αθλίων σχολαστικών
Saved in:
| Main Author: | |
|---|---|
| Other Authors: | |
| Format: | Book |
| Language: | Greek |
| Published: |
Αθήνα :
Πηγή,
1949.
|
| Subjects: | |
| Online Access: | http://hdl.handle.net/11610/16821 |
| Tags: |
Add Tag
No Tags, Be the first to tag this record!
|
MARC
| LEADER | 00000cam a2200000 i 4500 | ||
|---|---|---|---|
| 001 | 1/98668 | ||
| 008 | 081203s1949 gr || ||| ||gre|| | ||
| 035 | |l 10102176 | ||
| 040 | |a GR-MY-UA |b gre |e aacr | ||
| 041 | 0 | |a gre | |
| 082 | 7 | |a 199.495 |2 (22) | |
| 100 | 1 | |a Κοραής, Αδαμάντιος, |d 1748-1833. | |
| 245 | 1 | 0 | |a Σχολαστικοκατάργησις : |b η διατριβή αποδεικνύουσα ψευδείς τας κατηγορίας και συκοφαντίας τινών αθλίων σχολαστικών / |c Αδαμάντιου Κοραή ; με πρόλογο και σχόλια του Γ. Βαλέτα. |
| 260 | |a Αθήνα : |b Πηγή, |c 1949. | ||
| 300 | |a 79 σ. ; |c 18 εκ. | ||
| 500 | |a Υπάρχει ψηφιακό αντίγραφο. | ||
| 500 | |a "Άγνωστο κι ακυκλοφόρητο έργο του Αδαμάντιου Κοραή κατά του Κοδρικά: τυπωμένο στο Παρίσι στα 1818 με το ψευδώνυμο Π.Γ. Νάξιος και εξαφανισμένο από τον ίδιο, αναγνωρισμένο τώρα ξανατυπώνεται απ'το μοναδικό αρχέτυπο". | ||
| 504 | |a Περιλαμβάνει ευρετήριο. | ||
| 600 | 1 | 0 | |a Κοδρικάς, Παναγιώτης, |d 1762-1827. |
| 650 | 0 | 0 | |a Scholasticism. |
| 650 | 0 | 0 | |a Philosophy, Greek (Modern) |y 19th century. |
| 700 | 1 | |a Βαλέτας, Γιώργος Μ., |d 1907-1989, |e aui | |
| 852 | |a INST |b RHODES |c AKA |e 20081203 |h 199.495 ΚΟΡ |p 005400028232 |q 005400028232 |t BK |y 23 | ||
| 856 | |u http://hdl.handle.net/11610/16821 | ||
| 901 | |a BIBL4-2008-3 | ||
| 909 | |a Ρ |b 156473 | ||
| 970 | |a ΧΑΡΙΟΠΟΛΙΤΟΥ |b ΚΩΝΣΤΑΝΤΙΝΑ |z 2008-12-03 | ||